Govt. of
Madhya Pradesh

Governance In India for Civil Services and state services examination (Record no. 68202)

MARC details
000 -LEADER
fixed length control field 00290nam a22001097a 4500
082 ## - DEWEY DECIMAL CLASSIFICATION NUMBER
Classification number 320
100 ## - MAIN ENTRY--AUTHOR NAME
Personal name M Laxmikant
245 ## - TITLE STATEMENT
Title Governance In India for Civil Services and state services examination
260 ## - PUBLICATION, DISTRIBUTION, ETC. (IMPRINT)
Place of publication Chennai
Name of publisher Mc Graw Hill
Year of publication 2025
650 ## - SUBJECT ADDED ENTRY--TOPICAL TERM
Topical Term polity
942 ## - ADDED ENTRY ELEMENTS (KOHA)
Koha item type Competitive Books
Holdings
Withdrawn status Lost status Damaged status Not for loan Home library Current library Date acquired Full call number Accession Number Price effective from Koha item type
        MACL MACL 26/09/2025 320 DPI003815 26/09/2025 Competitive Books